00575 2200205 4500001002100000005001500021035002000036245006400056100001900120250002000139260004700159300003400206020001800240084001600258082001000274650001800284008004100302990001300343990001300356INLIS00000000000886920251224030733 a0010-01230004101 aInspirasi kerajinan berbahan barang bekas /cKiana Larasati aKiana Larasati aCetakan Pertama ayogyakarta :bHijaz Pustaka Mandiri,c2022 a122 halaman :bilus ;c20 cm. a9786025790539 a745.5 KIA i a745.5 4aSeni Dekorasi251224 g 0 ind  a022.1615 a022.1616